000 00666nam a2200241Ia 4500
003 OSt
005 20220918221259.0
006 a|||||r|||| 00| 0
007 ta
008 220917b |||||||| |||| 00| 0 eng d
024 _a149,139
037 _cTextual
040 _aARTS
_cARTS
_beng
041 _2eng
_aeng
082 _aT:8310S, K9
100 _aCarver Fred D ed
_9139883
245 0 _aOrganisations and human behavior
_b focus on schools
260 _c1969
650 _aEDUCATION
700 _a Sergiovanni Thomas J ed
_9139884
942 _hT:8310S, K9
_cTEXL
_2CC
999 _c271813
_d271813